01085nam a2200193Ia 4500001001000000003001000010008004100020040002500061041001300086100001700099245003600116250001200152260007700164300002800241500023600269501011400505520023600619650003600855L208-3816IT-CnALBA170116s9999||||xx |||||||||||||| ||und|| aIT-CnALBAcIT-CnALBA aITALIANO aSENZA AUTORE 0aRACCONTI DEL PELLEGRINO RUSSO.  a10a ed. aMILANObRUSCONI, EDITORE c1988 [1° Ed.:1977 - Ed.Ling.Originale: 1930] a368 p. (prefazione: 19) aINTRODUZIONE DI CRISTINA CAMPO. TRADUZIONE DAL RUSSO DI MILLI MARTINELLI. SETTE RACCONTI DEL PELLEGRINO AL PADRE SPIRITUALE. TRE CHIAVI AL TESORO DELL'ORAZIONE DEL CUORE. ISTRUZIONE SULLA PREGHIERA DI GESÙ DI TEOFANO IL RECLUSO.  aSocietà San Paolo EM - Piazza San Paolo, 14 - 12051 ALBA (CN) (non commercial uses only) ® Copyright 2017 aINTRODUZIONE DI CRISTINA CAMPO. TRADUZIONE DAL RUSSO DI MILLI MARTINELLI. SETTE RACCONTI DEL PELLEGRINO AL PADRE SPIRITUALE. TRE CHIAVI AL TESORO DELL'ORAZIONE DEL CUORE. ISTRUZIONE SULLA PREGHIERA DI GESÙ DI TEOFANO IL RECLUSO.  aPADRI E SCRITTORI ECCLESIASTICI